Complete the Card - WWE Royal Rumble 2015 - Statistics

General Stats
  • This quiz has been taken 554 times
  • The average score is 14 of 20
Answer Stats
Answer % Correct
Roman Reigns
97%
John Cena
93%
Seth Rollins
93%
Brock Lesnar
90%
Jey Uso
86%
Jimmy Uso
86%
Brie Bella
85%
Nikki Bella
85%
Kofi Kingston
77%
Big E
76%
Paige
76%
Cesaro
68%
Natalya
63%
Tyson Kidd
60%
The Miz
59%
Damien Mizdow
55%
Billy Gunn
52%
Road Dogg
52%
Konnor
43%
Viktor
43%
No matching quizzes found
Score Distribution
Percent of People with Each Score
Percentile by Number Answered
Your Score History
You have not taken this quiz